Capitals of All Recognized, Non-Recognized Countries, and Territories - Statistics

General Stats
  • This quiz has been taken 51 times
  • The average score is 177 of 247
Answers on the Map
Answers color-coded by a green-red scale on the quiz's map according to % correct below.
 
Answer Stats
Country % Correct
Brasilia
93%
Ottawa
93%
Washington D.C
93%
Ankara
90%
Beijing
90%
Berlin
90%
Canberra
90%
Copenhagen
90%
Dublin
90%
Guatemala City
90%
Jakarta
90%
Kyiv
90%
Lima
90%
Lisbon
90%
London
90%
Madrid
90%
Manila
90%
Mexico City
90%
Minsk
90%
Moscow
90%
New Delhi
90%
Panama City
90%
Paris
90%
Reykjavík
90%
Rome
90%
San Salvador
90%
Santiago
90%
Tehran
90%
Tokyo
90%
Warsaw
90%
Wellington
90%
Abu Dhabi
87%
Algiers
87%
Amsterdam
87%
Astana
87%
Athens
87%
Bangkok
87%
Bern
87%
Bogota
87%
Brussels
87%
Bucharest
87%
Budapest
87%
Buenos Aires
87%
Cape Town, Pretoria, or Bloemfontein
87%
Caracas
87%
Damascus
87%
Hanoi
87%
Havana
87%
Helsinki
87%
Islamabad
87%
Kuala Lumpur
87%
Montevideo
87%
Oslo
87%
Port-au-Prince
87%
Port Moresby
87%
Prague
87%
Pyongyang
87%
Seoul
87%
Stockholm
87%
Taipei
87%
Ulaanbaatar
87%
Asunción
83%
Cairo
83%
Dhaka
83%
George Town
83%
Georgetown
83%
Jerusalem
83%
Kabul
83%
Kathmandu
83%
La Paz / Sucre
83%
Luxembourg
83%
Naypyidaw
83%
Nuuk
83%
Quito
83%
Riga
83%
San Marino
83%
Sofia
83%
Tirana
83%
Tripoli
83%
Tunis
83%
Vienna
83%
Addis Ababa
80%
Ashgabat
80%
Belgrade
80%
Bratislava
80%
Doha
80%
Kingston
80%
Kingstown
80%
Malé
80%
Monaco
80%
Muscat
80%
Nicosia
80%
Phnom Penh
80%
Rabat
80%
Riyadh
80%
Vatican City
80%
Amman
77%
Andorra la Vella
77%
Baghdad
77%
Belmopan
77%
Djibouti
77%
Dushanbe
77%
Freetown
77%
Harare
77%
Kuwait City
77%
Managua
77%
Mogadishu
77%
Nairobi
77%
Sana’a
77%
Santo Domingo
77%
Sarajevo
77%
Singapore
77%
Tbilisi
77%
Vientiane
77%
Vilnius
77%
Windhoek
77%
Yerevan
77%
Zagreb
77%
Abuja
73%
Accra
73%
Antananarivo
73%
Baku
73%
Bangui
73%
Beirut
73%
Brazzaville
73%
Conakry
73%
Dakar
73%
Gaborone
73%
Juba
73%
Kampala
73%
Khartoum
73%
Kigali
73%
Lomé
73%
Luanda
73%
Lusaka
73%
Manama
73%
Monrovia
73%
Nassau
73%
N'Djamena
73%
Port Louis
73%
Port of Spain
73%
Praia
73%
Pristina
73%
San Jose
73%
São Tomé
73%
Skopje
73%
Suva
73%
Tallinn
73%
Tashkent
73%
Thimphu
73%
Valletta
73%
Apia
70%
Asmara
70%
Bamako
70%
Bishkek
70%
Chișinău
70%
Dili
70%
Dodoma
70%
Kinshasa
70%
Libreville
70%
Ljubljana
70%
Maputo
70%
Mbabane
70%
Moroni
70%
Niamey
70%
Nouakchott
70%
Paramaribo
70%
Port Vila
70%
Roseau
70%
San Juan
70%
Sri Jayawardenepura Kotte
70%
Tegucigalpa
70%
Vaduz
70%
Victoria
70%
Yaoundé
70%
Bandar Seri Begawan
67%
Banjul
67%
Bissau
67%
Bridgetown
67%
Cayenne
67%
Ciudad de la Paz
67%
Lilongwe
67%
Ouagadougou
67%
Podgorica
67%
Porto-Novo
67%
St. George’s
67%
St. John’s
67%
Basse-Terre
63%
Basseterre
63%
Funafuti
63%
Gitega
63%
Maseru
63%
South Tarawa
63%
Yamoussoukro
63%
Hamilton
60%
Longyearbyen
60%
Majuro
60%
Palikir
60%
Castries
57%
Nukuʻalofa
57%
Pago Pago
57%
Stanley
57%
Yaren
57%
Hagåtña
53%
Hong Kong
53%
Honiara
53%
Kralendijk, Oranjestad, or The Bottom
53%
Laayoune, Rabouni, or Tifariti
53%
Macau
53%
Ngerulmud
53%
Nouméa
53%
Oranjestad
53%
Willemstad
53%
Gibraltar
50%
Tiraspol
50%
Charlotte Amalie
47%
Douglas
47%
Saipan
47%
Tórshavn
47%
Adamstown
43%
Jamestown
43%
Saint-Denis
43%
Saint-Pierre
43%
Alofi
40%
Fort-de-France
40%
Hargeisa
40%
Papeete
40%
The Valley
40%
Plymouth or Brades
37%
St. Helier
37%
Avarua
33%
Cockburn Town
33%
Flying Fish Cove
33%
Road Town
33%
St. Peter Port
33%
Gustavia
30%
North Nicosia
30%
Sukhumi
30%
Marigot
27%
Mata Utu
27%
Philipsburg
27%
West Island
27%
Mamoudzou
23%
Tskhinvali
23%
Atafu, Nukunonu, or Fakaofo
13%
No matching quizzes found
Score Distribution
Percent of People with Each Score
Percentile by Number Answered
Your Score History
You have not taken this quiz